000 00522cam a2200205ua 4500
001 7543
005 20260515114228.0
008 141212n ii |||gr||||Z||||||ben
040 _cMAIN
041 _aben
082 _a891.442
100 _aChattupadhyay, S. Ch.,
_eAuthor.
245 1 _aSarat-sahitya-sangrah
_cBy Sarat Chandra Chattupadhyay
250 _a1st.
260 _aKolkatta:
_bM. C.,
_c1976.
300 _a390p.
653 _aEast Indo-European & Celtic literatures
653 _aBengali drama
942 _cBK
999 _c6661
_d6661